000 00514nam a2200205Ia 4500
005 20240823022458.0
008 240823s9999||||xx |||||||||||||| ||und||
020 _a978-1-4051-4703-3
041 _aENGLISH
082 _A629.13251 P7
100 _aUnderdown R B
245 0 _aNavigation : Ground Studies for Pilots
250 _a6th
260 _c2007
_b"Blackwell,L"
500 _aTRANSFERED
650 _aNavigation
_bAerospace Engineering
700 _a" Palmer,Tony"
942 _cBK
999 _c179261
_d179261